Statistics for Glasgow Rangers champions league opponents 92/93-2000/01

Click here to take the quiz!

General Stats

  • This quiz has been taken 32 times
  • The average score is 11 of 15

Answer Stats

HintAnswer% Correct
FranceMarseille
96%
HollandAjax
92%
GermanyBayern Munich
88%
ItalyJuventus
88%
HollandPSV
88%
TurkeyGalatasaray
83%
RussiaCSKA Moscow
79%
RomaniaSteaua
79%
SpainValencia
79%
FranceMonaco
71%
BelgiumBrugge
67%
GermanyDortmund
63%
SwitzerlandGrasshoppers
58%
FranceAuxerre
46%
AustriaSturm Gratz
4%

Score Distribution

Percentile by Number Answered

Percent of People with Each Score

Your Score History

You have not taken this quiz